La adjudicación administrativa de recursos escasos:ordenación sectorial y reconstrucción sistemática
Saved in:
| Hovedforfatter: | |
|---|---|
| Andre forfattere: | |
| Format: | Ukendt |
| Sprog: | engelsk spansk |
| Udgivet: |
Valencia, España
Tirant lo Blanch
2018
|
| Udgivelse: | Primera edición |
| Fag: | |
| Tags: |
Tilføj Tag
Ingen Tags, Vær først til at tagge denne postø!
|
MARC
| LEADER | 00000 a2200000 4500 | ||
|---|---|---|---|
| 003 | CL-VaPUC | ||
| 005 | 20210313001720.0 | ||
| 008 | 200102b ||||| |||| 00| 0 eng d | ||
| 999 | |c 375984 |d 375982 | ||
| 020 | |a 9788491691761 | ||
| 040 | |c Pontificia Universidad Católica de Valparaíso | ||
| 041 | 0 | |a spa | |
| 082 | |a 342.06 ARR 2018 | ||
| 100 | 1 | |a Arroyo, Luis |9 604925 | |
| 245 | 1 | 3 | |a La adjudicación administrativa de recursos escasos:ordenación sectorial y reconstrucción sistemática |
| 250 | |a Primera edición | ||
| 260 | |b Tirant lo Blanch |c 2018 |a Valencia, España | ||
| 300 | |a 454 p | ||
| 505 | 0 | |a Capítulo 1. La adjudicación administrativa de recursos escasos. Capítulo 2. La adjudicación de decisiones administrativas habilitantes. Capítulo 3. La adjudicación de derechos de emisión de CO2. Capítulo 4. La adjudicación de licencias audiovisuales y radiofrecuencias. Capítulo 5. La adjudicación de derechos de uso de bienes demaniales. Capítulo 6. La adjudicación de puestos en ferias y mercados. Capítulo 7. La adjudicación de bienes patrimoniales. Capítulo 8. La adjudicación de contratos. Capítulo 9. La adjudicación de subvenciones. Capítulo 10. La adjudicación de empleo público. Capítulo 11. La adjudicación de prestaciones educativas. Capítulo 12. La adjudicación de prestaciones culturales. Capítulo 13. La adjudicación de prestaciones sociales. Capítulo 14. Reconstrucción sistemática de la adjudicación administrativa de recursos escasos | |
| 583 | |k Hugo Gaete |c 20200102 | ||
| 650 | 0 | 0 | |a Administración pública |9 255343 |
| 650 | 0 | 0 | |a Derecho administrativo |9 254851 |
| 700 | |a Utrilla, Dolores |9 605055 | ||
| 942 | |2 ddc |c BK | ||
| 952 | |0 0 |1 0 |2 ddc |4 0 |6 342_060000000000000_ARR_2018 |7 0 |9 495194 |a BIBDER |b BIBDER |d 2019-12-26 |e 36 |g 30691.00 |i 557109K |o 342.06 ARR 2018 |p 557109K |r 2023-01-25 |t 1 |v 30691.00 |w 2019-12-26 |y BK | ||